000
00204 a2200097 4500
001
2676
100
_a
Maxwell, E
245
_a
Married the world
260
_a
_b
William Heinemann
_c
090
_c
1972
_d
1972
942
_a
NUST-CAE
_c
M
_c
10802
999
_c
237749
_d
237749